000 00302nam a2200121 a 4500
005 20140414131928.0
008 101103s19uu xx 00 eng d
050 _aFIL
_bM11 2008
100 _aCalma, Rosario
245 _aAng mabait na kalabaw.
260 _aManila :
_bAdarna,
_c2008.
999 _c112156
_d112156